000 00556cab a2200205 4500
001 WB2610-08
008 090401t1990 xxu||||| |||| 00| 0 eng d
035 _a(Sirsi) u3352
041 _aeng
245 _aRetail values drop
260 _c1990
350 _a0
490 _aTimes
_v2/3/90 p29
520 _aAccording to Richard Ellis `s latest monthly index, the value of retail property has declined over the past year.
650 _aMARKET
650 _aSTATISTICS
690 _aPROPERTY-COMMERCIAL PROPERTY
942 _n0
948 _c04/03/1997
999 _c2056
_d2056